| 000 | 00903nam a22002417a 4500 | ||
|---|---|---|---|
| 003 | OSt | ||
| 005 | 20180417114729.0 | ||
| 008 | 180417s2017 sp ad|| |||| 000 0 spa|d | ||
| 017 |
_aDL M.22393-2017 _bOficina Depósito Legal Madrid |
||
| 020 | _a9788488788986 | ||
| 040 |
_aES-BaUAB _bcat _cCDMR |
||
| 245 | 0 | 0 |
_a#Mojo _b: manual de periodismo móvil / _cJosé Manuel Pérez Tornero, Miguel Ángel Martín-Pascual, Nuria Fernández-García (eds.) |
| 246 | 3 | 3 |
_aMojo : _bmanual de periodismo móvil |
| 260 |
_aMadrid : _bInstituto RTVE, _c2017 |
||
| 300 |
_a245 pàgines ; _c24 cm |
||
| 504 | _aBibliografia | ||
| 650 | 0 | 4 |
_aPeriodisme _92272 _xInnovacions tecnològiques |
| 650 | 4 | _aTelèfon mòbil | |
| 700 | 1 |
_aPérez Tornero, José Manuel _eeditor literari _91759 |
|
| 700 | 1 |
_aMartín Pascual, Miguel Ángel, _eeditor literari |
|
| 700 | 1 |
_aFernández García, Nuria, _eeditor literari |
|
| 942 | _cMON | ||
| 999 |
_c7123 _d7123 |
||